[Event "1st Grand Europe Open"]
[Site "Golden Sands BUL"]
[Date "2012.06.12"]
[Round "9.15"]
[White "Parligras, Cosmin"]
[Black "Nevednichy, Vladislav"]
[Result "1/2-1/2"]
[BlackTitle "GM"]
[WhiteElo "2264"]
[BlackElo "2553"]
[WhiteFideId "1206494"]
[BlackFideId "1205730"]
[EventDate "2012.06.04"]
[EventType "swiss"]

1. e4 g6 2. d4 Bg7 3. Nf3 d6 4. Nc3 a6 5. Be3 b5 6. Bd3 Bb7 7. Ne2 Nf6 8. Ng3
Nbd7 9. h3 e5 10. dxe5 dxe5 11. O-O O-O 12. Qd2 c5 13. c4 Bc6 14. cxb5 axb5 15.
Rfc1 Qe7 16. Qc2 c4 17. b3 Nc5 18. Bxc4 bxc4 19. Qxc4 Ncxe4 20. Qxc6 Nxg3 21.
Bc5 Qd7 22. Bxf8 Ne2+ 23. Kf1 Nxc1 24. Qxd7 Nxd7 25. Bxg7 Nxb3 26. Rd1 Nbc5 27.
Bxe5 Nxe5 28. Nxe5 Rxa2 29. f3 Kg7 30. Nd3 Ne6 31. Nb4 Ra4 32. Nd5 h5 33. Rd2 h4
34. Kf2 Nd4 35. Nb6 Nb3 36. Nxa4 Nxd2 37. Nc5 Nc4 38. Ne4 1/2-1/2

[Event "1st Grand Europe Open"]
[Site "Golden Sands BUL"]
[Date "2012.06.12"]
[Round "9.16"]
[White "Sethuraman, S.P."]
[Black "Simonian, Hrair"]
[Result "1-0"]
[WhiteTitle "GM"]
[BlackTitle "GM"]
[WhiteElo "2546"]
[BlackElo "2475"]
[WhiteFideId "5021596"]
[BlackFideId "13302337"]
[EventDate "2012.06.04"]
[EventType "swiss"]

1. e4 c5 2. Nf3 e6 3. d4 cxd4 4. Nxd4 a6 5. Bd3 Qc7 6. O-O Nf6 7. Qe2 d6 8. c4
g6 9. Nc3 Bg7 10. Nf3 O-O 11. Bf4 Nc6 12. Rac1 Ne5 13. c5 Nh5 14. cxd6 Qxd6 15.
Bxe5 Bxe5 16. Nxe5 Qxe5 17. Qe3 Nf4 18. Rfd1 b5 19. Bf1 Bb7 20. Rd7 Bc6 21. Rd4
Rac8 22. Rcd1 Nh5 23. a3 Nf6 24. h3 Bb7 25. Rd6 Rc7 26. Qb6 Qc5 27. Qxc5 Rxc5
28. f3 Rfc8 29. Rd8+ Kg7 30. Kf2 Rxd8 31. Rxd8 Rc8 32. Rxc8 Bxc8 33. Ke3 e5 34.
Kd2 Kf8 35. Kc2 Be6 36. b4 Nd7 37. a4 bxa4 38. Nxa4 Nb8 39. Nc5 Bc8 40. Kb3 Ke7
41. Ka4 Kd6 42. Bc4 f6 43. Bg8 h6 44. Bh7 g5 45. Bf5 Kc7 1-0

[Event "1st Grand Europe Open"]
[Site "Golden Sands BUL"]
[Date "2012.06.12"]
[Round "9.18"]
[White "Gabuzyan, Hovhannes"]
[Black "Cheparinov, Ivan"]
[Result "1-0"]
[WhiteTitle "IM"]
[BlackTitle "GM"]
[WhiteElo "2457"]
[BlackElo "2673"]
[WhiteFideId "13303732"]
[BlackFideId "2905540"]
[EventDate "2012.06.04"]
[EventType "swiss"]

1. e4 c5 2. Nf3 d6 3. d4 cxd4 4. Nxd4 Nf6 5. Nc3 a6 6. Be3 e5 7. Nb3 Be7 8. Qd2
Be6 9. O-O-O Nbd7 10. f4 Ng4 11. g3 Nxe3 12. Qxe3 Rc8 13. Kb1 Qb6 14. Qf3 Nf6
15. f5 Bd7 16. Nd2 h5 17. Nc4 Qc7 18. Ne3 b5 19. Bd3 Bc6 20. h3 b4 21. Ncd5 Nxd5
22. Nxd5 Bxd5 23. exd5 Qb6 24. Qe2 a5 25. Bb5+ Kf8 26. Bc6 h4 27. g4 Bg5 28. Rd3
Ke7 29. a4 Qc5 30. Re1 Rb8 31. Qg2 Rhc8 32. Re4 Kf8 33. Ka2 Rb6 34. Kb1 Rbb8 35.
Qf1 Rc7 36. Rf3 Rbc8 37. Rc4 Qa7 38. Ka2 Rb8 39. Rb3 Rcc8 40. Qe1 Kg8 41. Rf3
Qb6 42. Kb1 Qa7 43. Qd1 Qb6 44. Qd3 Qg1+ 45. Ka2 Qb6 46. Re4 Rc7 47. Rf1 Qc5 48.
Rfe1 Qb6 49. Qb3 Qa7 50. Rc4 Rbc8 51. Ree4 Qf2 52. c3 bxc3 53. Qxc3 Qb6 54. Qc2
Qa7 55. Rc3 Rb8 56. Bb5 Rbc8 57. Rc6 Be3 58. Qd3 Bd4 59. g5 Rxc6 60. dxc6 Qc5
61. Qb3 d5 62. Rxh4 e4 63. g6 e3 64. Qd1 Bf6 65. Qh5 Bxh4 66. Qh7+ Kf8 67. Qh8+
Ke7 68. Qxc8 Bg3 69. Qd7+ Kf6 70. gxf7 Qe7 71. f8=Q+ Qxf8 72. Qe6+ Kg5 73. Qg6+ 1-0